Is part-time employment beneficial for firm productivity? (Registro nro. 44693)
[ vista simple ]
| 000 -CABECERA | |
|---|---|
| Longitud fija campo de control | 01112naa a2200289 4500 |
| 001 - NÚMERO DE CONTROL | |
| Número de control | 44693 |
| 003 - IDENTIFICADOR DE NÚMERO DE CONTROL | |
| Identificador del número de control | ES-MaCES |
| 005 - FECHA Y HORA DE LA ÚLTIMA TRANSACCIÓN | |
| Fecha y hora de la última transacción | 20140602130846.0 |
| 008 - CAMPO FIJO DE DESCRIPCIÓN FIJA--INFORMACIÓN GENERAL | |
| Códigos de información de longitud fija | 000000s2013 xxu||||| |||| 00| | eng d |
| 040 ## - FUENTE DE CATALOGACIÓN | |
| Centro catalogador de origen | ES-MaCES |
| Lengua de catalogación | spa |
| Centro transcriptor | ES-MaCES |
| 100 1# - ENCABEZAMIENTO PRINCIPAL--NOMBRE PERSONAL | |
| 9 (RLIN) | 34980 |
| Nombre de persona | Künn-Nelen, Annemarie |
| 245 10 - MENCIÓN DE TÍTULO | |
| Título | Is part-time employment beneficial for firm productivity? |
| Mención de responsabilidad, etc. | Annemarie Künn-Nelen, Andries de Grip, and Didier Fouarge |
| 500 ## - NOTA GENERAL | |
| Nota general | Resumen |
| 504 ## - NOTA DE BIBLIOGRAFÍA, ETC. | |
| Nota de bibliografía, etc. | Bibliografía: p. 1190-1191 |
| 650 #4 - ASIENTO SECUNDARIO DE MATERIA--TÉRMINO DE MATERIA | |
| 9 (RLIN) | 26772 |
| Término de materia o nombre geográfico como elemento inicial | empleo a tiempo parcial |
| 650 #4 - ASIENTO SECUNDARIO DE MATERIA--TÉRMINO DE MATERIA | |
| 9 (RLIN) | 28214 |
| Término de materia o nombre geográfico como elemento inicial | productividad del trabajo |
| 650 #4 - ASIENTO SECUNDARIO DE MATERIA--TÉRMINO DE MATERIA | |
| 9 (RLIN) | 28335 |
| Término de materia o nombre geográfico como elemento inicial | horas de trabajo |
| 650 #4 - ASIENTO SECUNDARIO DE MATERIA--TÉRMINO DE MATERIA | |
| 9 (RLIN) | 28258 |
| Término de materia o nombre geográfico como elemento inicial | eficiencia |
| 650 #4 - ASIENTO SECUNDARIO DE MATERIA--TÉRMINO DE MATERIA | |
| 9 (RLIN) | 28244 |
| Término de materia o nombre geográfico como elemento inicial | función de la producción |
| 650 #4 - ASIENTO SECUNDARIO DE MATERIA--TÉRMINO DE MATERIA | |
| 9 (RLIN) | 29536 |
| Término de materia o nombre geográfico como elemento inicial | método estadístico |
| 653 10 - TÉRMINO DE INDEXACIÓN--NO CONTROLADO | |
| Término no controlado | Empleo |
| 700 1# - ENCABEZAMIENTO SECUNDARIO--NOMBRE PERSONAL | |
| 9 (RLIN) | 14135 |
| Nombre de persona | Grip, Andries de |
| 700 1# - ENCABEZAMIENTO SECUNDARIO--NOMBRE PERSONAL | |
| 9 (RLIN) | 34981 |
| Nombre de persona | Fouarge, Didier |
| 773 0# - ENTRADA DE DOCUMENTO FUENTE | |
| Itemnumber del ítem fuente | 81127 |
| Lugar, editor y fecha de publicación | New York (Ithaca, 14853-3901) Cornell University |
| Otro identificador del documento | 084034 |
| Título | Industrial and labor relations review |
| Número de control del registro relacionado | (ES-MaCES)25696 |
| Parte(s) relacionada(s) | vol. 66, no. 5 (Oct. 2013) {10695 R. 084034} ;p. 1172-1191 |
| 902 ## - CES. TIPO DE DOCUMENTO | |
| Tipodoc (006$c Sirtex) | ART Artículo de revista |
| 942 ## - ELEMENTOS KOHA | |
| Fuente de clasificaión o esquema | Clasificación propia del CES |
| Koha [por defecto] tipo de item | Artículos (1982-2017) |
| Parte de clasificación | Empleo |
No hay ítems disponibles.
